00620nam a2200193Ia 4500008004100000020001800041082001400059100002000073245002900093250000700122260005100129300002300180500001900203600003300222650001500255942000700270952013200277999001700409240925s9999 xx 000 0 und d a9788131303924 a806.6 TAR aTarafder. S. K, 0aEffective Letter Writing aNA aNew Delhi:bAPH Publishing Corporationc,2018. a210p.b0fOriginal aIncludes Index aHumanities & Natural Science aLiterature cBK 001040708ETaUITUbUITUd2019-02-02eAllied Book Companyg1861.60l0o806.6 TARpQ14404r2024-09-25 07:17:17w2024-09-25yBK c16903d16903